Measurement For Evaluation: In Physical Education and Exercise Science (Record no. 1222)

MARC details
005 - DATE AND TIME OF LATEST TRANSACTION
control field 20250408150646.0
020 ## - INTERNATIONAL STANDARD BOOK NUMBER
International Standard Book Number 978-0-07-304526-9
082 ## - DEWEY DECIMAL CLASSIFICATION NUMBER
Classification number 613.7 BAU
100 ## - MAIN ENTRY--PERSONAL NAME
Author name BAUMGARTNER, T. A.
245 ## - TITLE STATEMENT
Title Measurement For Evaluation: In Physical Education and Exercise Science
250 ## - EDITION STATEMENT
Edition statement 8th Ed.
260 ## - PUBLICATION, DISTRIBUTION, ETC.
Place of publication, distribution, etc. New York,
Name of publisher, distributor, etc. McGraw-Hill,
Date of publication, distribution, etc. 2007.
300 ## - PHYSICAL DESCRIPTION
Extent xvi, 544p.: ill.; figure, graph, picture, table.
Other physical details Bibliographical references, index.
Dimensions 25cm.
700 ## - ADDED ENTRY--PERSONAL NAME
Other authors/Editors JACKSON, A. S, MAHAR, M. T. & ROWE, D. A.
856 ## - ELECTRONIC LOCATION AND ACCESS
Link text Access online book
Electronic name Measurement
Path www.mhhe.com
942 ## - ADDED ENTRY ELEMENTS (KOHA)
Source of classification or shelving scheme Dewey Decimal Classification
Koha item type Books
Holdings
Date last seen Total checkouts Full call number Barcode Cost, replacement price Price effective from Koha item type Lost status Source of classification or shelving scheme Damaged status Not for loan Withdrawn status Home library Current library Shelving location Date acquired Cost, normal purchase price
04/08/2025   613.7 BAU 0000004796 150000.00 04/08/2025 Books   Dewey Decimal Classification       College of Business Education Main Library College of Business Education Main Library General Collection 04/08/2025 50000.00